000 00510nam a22001697a 4500
005 20240116113307.0
008 210219b ||||| |||| 00| 0 eng d
020 _a978-93-5129-668-3
041 _aeng
082 _a615.19
100 _aROCHE, VICTORIA. F .,ZITO,S. WILLIAM.,LEMKE,THOMAS L. AND WILLIAMS, DAVID A.
_98380
245 _aESSENTIALS OF FOYE'S PRINCIPLES OF MEDICINAL CHEMISTRY
260 _aPHILADELPHIA
_bWALTERS KLUWER
_c2017
300 _a641,p
650 _aPHARMACY
_xB.PHARMA
942 _cBK
999 _c7457
_d7455